Statistiques concernant Incollable #48 - Découverte du monde

Cliquez ici pour prendre le quiz!

Statistiques générales

  • Ce quiz a été pris 321 fois
  • Le résultat moyen est 8 sur 10

Statistiques - réponses

NiveauxQuestionsRéponses% Correct
CPDans quelle ville se trouve la Tour Eiffel ?Paris
100%
CE1Dans quel région (Nord, Sud, Est, Ouest) se trouve le « Midi » de la France ?Dans le Sud
98%
CPQuel objet, ressemblant à un grand parapluie, permet de se protéger du Soleil ?Un parasol
96%
CollègeQuels sont les deux gaz qui interviennent dans la respiration ?Le dioxygène (ou oxygène) et le dioxyde de carbone (ou gaz carbonique)
95%
CE1Comment appelle-t-on la trace qui reste sur la peau après une blessure,Une cicatrice
94%
CE2Que faut-il faire avec les grains de blé pour les transformer en farine ?Il faut les moudre | Il faut les écraser
88%
CollègeEn dix lettres: ensemble d’habitations précaires faites de matériaux récupérés et situé à côté d’une grande ville.Bidonville
87%
CM1Avec quelle partie du tournesol fabrique-t-on de l’huile ?Les grains
67%
LycéeDe quel pays l’Île de Pâques dépend-elle ?Du Chili
60%
CM2En géographie, que signifie le sigle PVD ?Pays en Voie de Développement
28%

Distribution des résultats

Percentile par nombre de réponses

% des personnes avec chaque résultat

Votre développement - résultats

Vous n’avez pas pris ce quiz